| 000 | 00347nam a2200145Ia 4500 | ||
|---|---|---|---|
| 008 | 230312s9999||||xx |||||||||||||| ||und|| | ||
| 020 | _a978-93-530-6282 | ||
| 082 |
_a005.133 _bDEI-H |
||
| 100 | _aChen,Daniel | ||
| 245 | 0 | _aPandas for Everyone | |
| 260 |
_bPearson _aIndia _c2018 |
||
| 300 | _a1005 | ||
| 650 |
_aComputer _vComputer |
||
| 942 | _cBK | ||
| 999 |
_c15732 _d15732 |
||